000 00266nam a2200097Ia 4500
008 240331s9999 xx 000 0 und d
082 _bTRI
100 _aInternational Women's Tribune Centre. ed
245 0 _aTribune :
_bNews Letters- January 1987-March 1989
942 _cL
999 _c2718
_d2718